00727nam a2200253 a 4500001001300000003000900013005001700022008004100039020002300080082001300103100002000116245004100136260003800177300000900215500003500224505001000259650002700269650001300296700002000309902000800329942000700337952011400344999001500458nice12345678IN_TiNIC20260116012742.0070622s1979 newa grp 000 0 eng  a0313211817 c10000a230bHAZ aHazelton, Roger aNew Accents in Contemporary Theology aNew Delhi bPentagon Press c1979 a144p aincludes index and biblioraphy2 aindex aPhilosophical-Theology aTheology1 aHazelton, Roger bSRS cBK 001040708StackRoom-aHMIbHMId2007-06-22g100.00l0o230 HAZp014868r2007-06-22v100.00w2007-06-22yBK c8227d8227